01706cam a22004694i 4500003000900000005001700009008004100026035001900067040004300086082002100129100004900150245012900199264003200328300005400360336002100414337002500435338002300460504003300483505050400516526001001020526001001030526001001040526001001050526001001060526000901070526000901079526000901088526000901097526000901106526000901115526000901124526000901133526000901142526000901151526000801160526000801168526000801176526000801184526000801192526000801200650002801208PE-LiUPU20250731170436.0150625s1986 mx a rb 000 0 spa d a(Sirsi) a31803 aPE-LiUPUbspacPE-LiUPUdPE-LiUPUerda04a155.423bG712211 aGonzales Salazar, Judith del Carmen,eautor.10aCómo educar la inteligencia del preescolar :bmanual de actividades cognoscitivas /cJudith del Carmen González Salazar. 1aMéxico :bTrillas,c1986. a72 páginas :bilustraciones ;c23 centímetros atext2rdacontent aunmediated2rdamedia avolume2rdacarrier aBibliografía: página 69.0 aLos aspectos psicopedagógicos del programa: Los alcances epistemológicos de la teoría de Piaget, Las aportaciones psicológicas de Piaget, Los aspectos biológicos de la teoría de Piaget, Las implicaciones educativas -- El programa de actividades cognoscitivas preescolares -- La metodología pedagógica: La metodología pedagógica para las actividades simbólicas, La metodología para las actividades de construcción, La metodología para las actividades de experimentación. aSEG68 aSEG70 aSEG69 aSEG67 aSEG43 aP144 aP143 aP131 aP122 aP120 aP117 aP112 aP110 aP106 aP101 aP80 aP59 aP54 aP35 aP33 aP3004aEducación preescolar.